Candidatos à Presidência desde a Redemocratização - Statistics

Estatísticas Gerais
  • Esse quiz foi jogado 15 vezes
  • A pontuação média é 46 de 99
Estatísticas das Respostas
Ano Partido Candidato % Correto
1989 PT Lula
100%
1994 PT Lula
100%
1998 PT Lula
100%
2002 PT Lula
100%
2006 PT Lula
100%
2022 PT Lula
100%
1989 PRN Fernando Collor
92%
2010 PT Dilma
85%
2014 PT Dilma
85%
2018 PT Fernando Haddad
85%
2018 PSL Jair Bolsonaro
85%
2022 PL Jair Bolsonaro
85%
2014 PSDB Aécio Neves
77%
1998 PPS Ciro Gomes
77%
2002 PPS Ciro Gomes
77%
2018 PDT Ciro Gomes
77%
2022 PDT Ciro Gomes
77%
1998 PSDC Eymael
77%
2006 PSDC Eymael
77%
2010 PSDC Eymael
77%
2014 PSDC Eymael
77%
2018 DC Eymael
77%
2022 DC Eymael
77%
1994 PSDB Fernando Henrique Cardoso
77%
1998 PSDB Fernando Henrique Cardoso
77%
2006 PSDB Geraldo Alckmin
77%
2018 PSDB Geraldo Alckmin
77%
2002 PSDB José Serra
77%
2010 PSDB José Serra
77%
1989 PDT Leonel Brizola
77%
1994 PDT Leonel Brizola
77%
2010 PV Marina Silva
77%
2014 PSB Marina Silva
77%
2018 REDE Marina Silva
77%
1989 PRONA Enéas Carneiro
69%
1994 PRONA Enéas Carneiro
69%
1998 PRONA Enéas Carneiro
69%
2022 PTB Padre Kelmon
69%
2018 PSOL Guilherme Boulos
62%
2010 PRTB Levy Fidelix
62%
2014 PRTB Levy Fidelix
62%
2002 PSB Anthony Garotinho
54%
2022 NOVO Felipe D Avila
54%
2018 NOVO João Amoêdo
54%
1989 PSDB Mário Covas
54%
1989 PDS Paulo Maluf
54%
2022 MDB Simone Tebet
54%
2022 UNIAO BRASIL Soraya Thronicke
54%
2006 PSOL Heloísa Helena
46%
2014 PSOL Luciana Genro
46%
2018 PSTU Vera
46%
2022 PSTU Vera
46%
2018 PODE Alvaro Dias
38%
2018 PATRI Cabo Daciolo
38%
2014 PV Eduardo Jorge
38%
2018 MDB Henrique Meirelles
38%
2022 UNIDADE POPULAR Léo Péricles
38%
2010 PSOL Plínio
38%
1989 PSD Ronaldo Caiado
38%
1989 PMDB Ulysses Guimarães
38%
1989 PFL Aureliano Chaves
31%
1989 PV Fernando Gabeira
31%
2018 PPL João Goulart Filho
31%
1994 PMDB Orestes Quércia
31%
2014 PSC Pastor Everaldo
31%
1989 PCB Roberto Freire
31%
2006 PDT Cristovam Buarque
23%
2002 PCO Rui Costa Pimenta
23%
2010 PCO Rui Costa Pimenta
23%
2014 PCO Rui Costa Pimenta
23%
2022 PCB Sofia Manzano
23%
1994 PPR Esperidião Amin
15%
1989 PSP José Marronzinho
15%
2006 PSL Luciano Bivar
15%
1998 PSTU Zé Maria
15%
2002 PSTU Zé Maria
15%
2010 PSTU Zé Maria
15%
2014 PSTU Zé Maria
15%
2006 PRP Ana Maria Rangel
8%
1989 PPB Antônio Pedreira
8%
1994 PRN Carlos Antônio Gomes
8%
1989 PMN Celso Brant
8%
1989 PLP Eudes Mattar
8%
1989 PL Guilherme Afif Domingos
8%
1994 PSC Hernani Fortuna
8%
2014 PCB Mauro Iasi
8%
1998 PSN Vasco Azevedo Neto
8%
1989 PTB Affonso Camargo Neto
0%
1998 PV Alfredo Sirkis
0%
1989 PMB Armando Corrêa
0%
1998 PMN Ivan Frota
0%
2010 PCB Ivan Pinheiro
0%
1998 PTdoB João de Deus
0%
1989 PN Lívia Maria Pio
0%
1989 PDCdoB Manoel Horta
0%
1989 PP Paulo Gontijo
0%
1998 PSC Sérgio Bueno
0%
1998 PTN Thereza Ruiz
0%
1989 PCN Zamir Teixeira
0%
Nenhum quiz correspondente encontrado
Distribuição das Pontuações
Porcentagem de Pessoas com Cada Pontuação
Percentil de Números Respondidos
Sua Pontuação Histórica
Você não jogou esse quiz